000 00642cam a2200217u 4500
001 8667450
003 ARRUPE
005 20161129105203.0
008 820309s1889 stk 000 0 eng
010 _a 04000196
040 _aDLC
_cCarP
_dDLC
050 0 0 _aB2798
_b.C35
100 1 _aCaird, Edward,
_d1835-1908.
_927664
245 0 4 _aThe critical philosophy of Immanuel Kant,
_cEdward Caird
260 _aGlasgow,
_bJ. Maclehose & sons,
_c2005.
300 _a2 v.
_c21 cm.
500 _aPublished originally in 1877
600 _aKant, Immanuel
_927668
906 _a0
_bcbc
_cpremunv
_du
_encip
_f19
_gy-gencatlg
942 _2lcc
_cMONOGRAPH
999 _c125800
_d125800